000
00257pam a2200121 a 4500
020
_c
041
_h
082
_a
708
_b
DAS
245
_a
Maharashtra
_h
Textual Documents
260
_a
[s.l]:
_b
Vadhera Art Gallery
300
_a
30:
_b
paper.
930
_a
7063
999
_c
240853
_d
240853